000 00348nam a2200109 4500
999 _c15161
_d15161
008 200305b ||||| |||| 00| 0 eng d
245 _aEasing of Digital payment rules to boost e-commerce.
260 _aPhilippines;
_bPhilippine Daily Inquirer,
_c©2019.
300 _apage B2-2;
_c29.5cm.
650 _aElectronic commerce.
_941916
942 _2ddc
_cPER